[Event "Figueres Mas op-B 23rd"]
[Site "Figueres"]
[Date "2022.08.16"]
[Round "7"]
[White "Pau Ferrer, Quirze"]
[Black "Bartra Marco, Marc"]
[Result "1-0"]
[WhiteElo "1212"]
[BlackElo "1313"]
[PlyCount "69"]
[EventDate "2022.08.11"]
[EventType "swiss"]
[EventRounds "9"]
[EventCountry "ESP"]
[SourceTitle "EXT 2023"]
[Source "ChessBase"]
[SourceDate "2022.10.05"]
[SourceVersion "1"]
[SourceVersionDate "2022.10.05"]
[SourceQuality "1"]

1. e4 e5 2. Nf3 Nc6 3. d4 exd4 4. Nxd4 Nxd4 5. Qxd4 d6 6. Bf4 Nf6 7. Nc3 Be7 8. Bd3 h6 9. 0-0-0 0-0 10. h4 Be6 11. Qe3 h5 12. f3 c6 13. Bxd6 Bxd6 14. e5 Ne8 15. exd6 Nxd6 16. Qc5 Qc7 17. Qxh5 f5 18. Qg5 Nf7 19. Qe3 Rfe8 20. Qf2 Nh6 21. Rhe1 a6 22. Re2 b5 23. Rde1 Kf7 24. Qc5 Bd7 25. Re7+ Rxe7 26. Rxe7+ Kg6 27. Nd5 Qg3 28. Nb6 Rd8 29. Nxd7 Kh5 30. Bxf5 Qf4+ 31. Kb1 Kxh4 32. Rxg7 Nxf5 33. Rg4+ Kh5 34. Rxf4 Re8 35. Nf6+ 1-0

[Event "Figueres Mas op-B 23rd"]
[Site "Figueres"]
[Date "2022.08.13"]
[Round "3"]
[White "Bartra Marco, Marc"]
[Black "Voegeli, Max"]
[Result "1/2-1/2"]
[WhiteElo "1313"]
[BlackElo "1454"]
[PlyCount "88"]
[EventDate "2022.08.11"]
[EventType "swiss"]
[EventRounds "9"]
[EventCountry "ESP"]
[SourceTitle "EXT 2023"]
[Source "ChessBase"]
[SourceDate "2022.10.05"]
[SourceVersion "1"]
[SourceVersionDate "2022.10.05"]
[SourceQuality "1"]

1. e4 d6 2. Nc3 Nf6 3. d4 c6 4. Bf4 Qb6 5. b3 e5 6. dxe5 Nxe4 7. Qf3 Nxc3 8. Qxc3 dxe5 9. Qxe5+ Be6 10. Bd2 Nd7 11. Qg3 0-0-0 12. Nf3 Nf6 13. Bd3 Nd5 14. Ng5 Re8 15. 0-0 Qc7 16. Qxc7+ Nxc7 17. Nxe6 Nxe6 18. Rfe1 g6 19. a4 Bg7 20. Ra2 Nc7 21. Rxe8+ Rxe8 22. Kf1 Nd5 23. c4 Nc3 24. Rc2 Ne4 25. Bf4 Nc5 26. Be2 Nxb3 27. Be3 Nd4 28. Bxd4 Bxd4 29. Rd2 Rd8 30. Rd3 c5 31. Rb3 Rd6 32. a5 Ra6 33. Bf3 b6 34. axb6 Rxb6 35. Rxb6 axb6 36. Bd5 f6 37. Ke2 Kd7 38. h4 Kd6 39. f4 h6 40. Bf7 g5 41. hxg5 hxg5 42. Kf3 Bb2 43. g4 Bc1 44. fxg5 fxg5 1/2-1/2

[Event "Figueres Nadal op 9th"]
[Site "Figueres"]
[Date "2020.01.02"]
[Round "1"]
[White "Bartra Marco, Marc"]
[Black "Jurado Coderch, Heribert"]
[Result "0-1"]
[WhiteElo "1228"]
[BlackElo "1692"]
[PlyCount "65"]
[EventDate "2020.01.02"]
[EventType "swiss"]
[EventRounds "8"]
[EventCountry "ESP"]
[SourceTitle "CBM 194 Extra"]
[Source "ChessBase"]
[SourceDate "2020.03.31"]
[SourceVersion "1"]
[SourceVersionDate "2020.03.31"]
[SourceQuality "1"]

1. e4 e5 2. Nf3 Nc6 3. Bc4 Bc5 4. 0-0 Nf6 5. Nc3 d6 6. d3 h6 7. Qe2 Bg4 8. Be3 Bb6 9. h3 Bh5 10. Nd5 Nxd5 11. exd5 Ne7 12. Bxb6 axb6 13. c3 0-0 14. d4 exd4 15. cxd4 Re8 16. g4 Bg6 17. Rfe1 Qd7 18. Nh4 Nf5 19. Qf3 Nxh4 20. Qg3 Nf5 21. gxf5 Bxf5 22. Rxe8+ Rxe8 23. Bf1 Re4 24. Rd1 Qa4 25. f3 Rxd4 26. Rxd4 Qxd4+ 27. Kh2 Qxb2+ 28. Kh1 Qb1 29. Qh2 Qxf1+ 30. Qg1 Qxg1+ 31. Kxg1 Bxh3 32. Kf2 Bf5 33. a3 0-1